000 00238pab a2200109 454500
008 180718b xxu||||| |||| 00| 0 eng d
100 _aPrasad, K.R.K.
245 _aPolice in combat
650 _aPolice
773 _aStatesman
909 _a22723
999 _c22723
_d22723